| 000 | 00433nam a2200145Ia 4500 | ||
|---|---|---|---|
| 005 | 20240823015020.0 | ||
| 008 | 240331s9999 xx 000 0 und d | ||
| 082 |
_bTOL _a800 |
||
| 100 | _aTolstoy, L.N | ||
| 245 | 0 | _aAnna Karenin | |
| 260 |
_aEngland _bPenguin books _c1954 |
||
| 300 | _a852 p ., | ||
| 500 | _aAnna Karenin, Tolstoy's most perfect work, the psychological novel of the nineteenth century reached its peak. | ||
| 942 | _cL | ||
| 999 |
_c3066 _d3066 |
||